Critical Thinking, Reading, and Writing : A Brief Guide to Argument /

Zapisane w:
Opis bibliograficzny
1. autor: Barnet, Sylvan (autor)
Kolejni autorzy: Bedau, Hugo (autor) (autor)
Format: Książka
Język:angielski
Wydane: Boston, EUA : Bedford/St. Martin's, 2005, c2005
Wydanie:5a edición
Hasła przedmiotowe:
Etykiety: Dodaj etykietę
Nie ma etykietki, Dołącz pierwszą etykiete!

MARC

LEADER 00000nam^a2200000^a^4500
001 000183744
005 20250521000000.0
009 20260310102051.447
020 |a 0-312-41275-4 
037 |a Acervo ITESO - Biblioteca 
041 |a ING 
082 |a 808. 0427  |b BAR 
100 |a Barnet, Sylvan  |e (autor) 
245 1 0 |a Critical Thinking, Reading, and Writing :  |b A Brief Guide to Argument /  |c S. Barnet, H. Bedau. 
250 |a 5a edición 
264 4 |a Boston, EUA :  |b Bedford/St. Martin's,  |c 2005, c2005 
300 |a XXII, 584 p. 
336 |a texto  |b txt  |2 rdacontenido 
337 |a sin mediación  |b n  |2 rdamedio 
338 |a volumen  |b nc  |2 rdasoporte 
649 |a XX 
650 |a Inglés -  |x Estudio y Enseñanza 
650 |a Inglés -  |x Composición y Ejercicios 
650 |a Inglés -  |x Textos de Conversación -  |x Tema Principal 
650 |a Argumentación -  |x Tema Principal 
650 |a Razonamiento Lógico 
650 |a Discurso 
650 |a Conferencias y el Arte de Disertar 
650 |a Debates y el Arte de Discutir 
650 |a Oratoria 
650 |a Retórica -  |x Tema Principal 
650 |a Comunicación Oral 
650 |a Comunicación Escrita 
650 |a Comunicación Verbal 
650 |a Literatura 
700 |a Bedau, Hugo  |e (autor) 
910 |a Fondo General 
920 |a Impresos - Libros 
930 |a Colección General 
940 |a Literatura 
905 |a 101 
901 |a 0500124240  |b IT1  |c LIT  |u 20250521 
901 |a 0500124243  |b IT1  |c LIT  |u 20250521 
902 |a https://opac.biblio.iteso.mx/vufind/Record/000183744